The lawgiver of Machiavelli. (Record no. 69163)

MARC details
000 -LEADER
fixed length control field 00589cam a22002171 4500
001 - CONTROL NUMBER
control field sa 66003902
003 - CONTROL NUMBER IDENTIFIER
control field DLC
005 - DATE AND TIME OF LATEST TRANSACTION
control field 20260227112239.0
008 - FIXED-LENGTH DATA ELEMENTS--GENERAL INFORMATION
fixed length control field 850417s1965 ii b 000 0 eng
010 ## - LIBRARY OF CONGRESS CONTROL NUMBER
LC control number sa 66003902
035 ## - SYSTEM CONTROL NUMBER
System control number (OCoLC)11931691
040 ## - CATALOGING SOURCE
Original cataloging agency DLC
Transcribing agency CLobS
Modifying agency DLC
042 ## - AUTHENTICATION CODE
Authentication code premarc
050 00 - LIBRARY OF CONGRESS CALL NUMBER
Classification number JC143.M4
Item number B56
100 1# - MAIN ENTRY--PERSONAL NAME
Personal name Bhattacharjee, Sisir Kanti.
245 04 - TITLE STATEMENT
Title The lawgiver of Machiavelli.
260 ## - PUBLICATION, DISTRIBUTION, ETC.
Place of publication, distribution, etc. Calcutta,
Name of publisher, distributor, etc. Bookland
Date of publication, distribution, etc. [1965]
300 ## - PHYSICAL DESCRIPTION
Extent iii, 106 p.
Dimensions 22 cm.
504 ## - BIBLIOGRAPHY, ETC. NOTE
Bibliography, etc. note Bibliography: p. [105]-106.
600 10 - SUBJECT ADDED ENTRY--PERSONAL NAME
Personal name Machiavelli, Niccolò,
Dates associated with a name 1469-1527.

No items available.

Powered by Koha